Guess the Hamilton Song #13 - Statistics

General Stats
  • This quiz has been taken 1,557 times
  • The average score is 149 of 301
Answer Stats
Lyric % Correct
a
98%
I
97%
(I
97%
the
90%
you
87%
you.
87%
You
87%
you,
87%
to
79%
To
79%
No
78%
No,
78%
No!
78%
Burr.
70%
(Burr!)
70%
Burr!
70%
Burr?
70%
Burr,
70%
of
69%
what
69%
What
69%
What?
69%
and
68%
Alexander
65%
Alexander,
65%
do.
65%
do
65%
see
65%
see.
65%
for
64%
for?
64%
so?
64%
(Ho!)
63%
is
63%
Is
63%
it
63%
it.
63%
can
62%
if
62%
(If
62%
not
62%
will
62%
she
61%
are
58%
hear
58%
on
58%
be
57%
your
55%
have
54%
(Sir!)
52%
sir.
52%
But
51%
but
51%
our
51%
us!
51%
us
51%
that
50%
get
49%
never
49%
her!
48%
married.
48%
married)
48%
married
48%
Aaron
47%
go.
47%
go
47%
tell
47%
tonight!
47%
tonight.
47%
tonight,
47%
this
46%
glass
45%
Raise
45%
all!
44%
live
44%
freedom
42%
may
42%
again!
41%
again,
41%
glory!
41%
glory!)
41%
story
41%
side,
40%
side
40%
There's
40%
after
39%
hope
39%
Something
39%
I'm
38%
four
37%
I'll
37%
war.
36%
You're
36%
matter
35%
tomcat
35%
We'll
35%
Well,
35%
well,
35%
ass,
34%
say
34%
Let's
33%
another
32%
don't.
32%
It's
32%
it's
32%
I've
32%
(I've
32%
tells
32%
other
31%
round
31%
round.
31%
newly
30%
poor
30%
seen
28%
great
27%
wonders
27%
small
26%
small)
26%
worst,
26%
isn't
25%
love
25%
more.
24%
Oh
24%
would
24%
British
22%
had
22%
heard
22%
here.
22%
should
22%
them,
22%
from
21%
got
21%
(Hey!)
21%
wish
21%
Yes,
21%
congrats
20%
Congrats
20%
officer.
20%
waiting
20%
Man!
19%
She's
19%
someone
19%
think
19%
with
19%
you've
19%
didn't
18%
make
18%
'Cause
17%
girl
17%
special
17%
sure.
17%
these
17%
came
16%
shit.
16%
understand
16%
gang
15%
guys
15%
whole
15%
hide,
14%
mean?
14%
Now,
14%
smile
14%
tryin'
14%
woman,
14%
brought
13%
congratulations.
12%
Leave
12%
made
12%
verse,
12%
you'd
12%
alright,
11%
Spit
11%
unlawful,
11%
yourself
11%
alone.
10%
afraid
9%
command
9%
George's
9%
Ignore
9%
instead
9%
journal.
9%
sensible
9%
manning
8%
Colonel
6%
kind,
6%
Lieutenant
6%
very
6%
(Woo!)
5%
indispensable.
4%
No matching quizzes found
Score Distribution
Percent of People with Each Score
Percentile by Number Answered
Your Score History
You have not taken this quiz